Roller Coasters by RMC - Statistics

General Stats
  • This quiz has been taken 5,092 times
    4,513 since last reset
  • The average score is 16 of 25
Answer Stats
Year Answer % Correct
2018 Steel Vengeance
90%
2022 Iron Gwazi
81%
2011 New Texas Giant
80%
2022 Wonder Woman: Flight of Courage
75%
2018 Wonder Woman: Golden Lasso Coaster
75%
2013 Iron Rattler
74%
2015 Twisted Colossus
69%
2018 Twisted Timbers
68%
2016 Lightning Rod
66%
2019 Zadra
64%
2018 Twisted Cyclone
63%
2023 Wildcat's Revenge
61%
2016 Joker
60%
2013 Outlaw Run
60%
2021 Jersey Devil Coaster
59%
2016 Wildfire
58%
2015 Wicked Cyclone
56%
2019 Untamed
55%
2014 Goliath
54%
2018 Railblazer
54%
2023 Arieforce One
53%
2022 Stunt Pilot
48%
2019 Hakugei
47%
2014 Medusa Steel Coaster
42%
2016 Storm Chaser
41%
No matching quizzes found
Score Distribution
Percent of People with Each Score
Percentile by Number Answered
Your Score History
You have not taken this quiz since the last reset